Event studies :theory, research and policy for planned events / (Record no. 3646)

000 -LEADER
fixed length control field 01212cam a2200337 a 4500
001 - CONTROL NUMBER
control field 16925093
003 - CONTROL NUMBER IDENTIFIER
control field OSt
005 - DATE AND TIME OF LATEST TRANSACTION
control field 20161018113830.0
008 - FIXED-LENGTH DATA ELEMENTS--GENERAL INFORMATION
fixed length control field 110818s2012 enkaf b 001 0 eng
010 ## - LIBRARY OF CONGRESS CONTROL NUMBER
LC control number 2011034897
015 ## - NATIONAL BIBLIOGRAPHY NUMBER
National bibliography number GBB1C1063
Source bnb
016 7# - NATIONAL BIBLIOGRAPHIC AGENCY CONTROL NUMBER
Record control number 015951429
Source Uk
020 ## - INTERNATIONAL STANDARD BOOK NUMBER
International Standard Book Number 9780750669597 (alk. paper)
035 ## - SYSTEM CONTROL NUMBER
System control number (OCoLC)ocn746838107
040 ## - CATALOGING SOURCE
Original cataloging agency DLC
Language of cataloging eng
Transcribing agency DLC
Modifying agency YDX
-- BTCTA
-- YDXCP
-- SINLB
-- UKMGB
-- BWK
-- YNK
-- BWX
-- CDX
-- DLC
050 00 - LIBRARY OF CONGRESS CALL NUMBER
Classification number GT3405.G48 2007
082 00 - DEWEY DECIMAL CLASSIFICATION NUMBER
Classification number 394.2
Edition number 23
100 1# - MAIN ENTRY--PERSONAL NAME
Personal name Getz, Donald,
Dates associated with a name 1949-
245 10 - TITLE STATEMENT
Title Event studies :theory, research and policy for planned events /
Statement of responsibility, etc Donald Getz.
260 ## - PUBLICATION, DISTRIBUTION, ETC. (IMPRINT)
Place of publication, distribution, etc Boston :
Name of publisher, distributor, etc Elservier,
Date of publication, distribution, etc 2007.
300 ## - PHYSICAL DESCRIPTION
Extent xvii, 442 p., [16] p. of plates :
Other physical details ill. (chiefly col.) ;
Dimensions 25 cm.
490 1# - SERIES STATEMENT
Series statement Events management series
504 ## - BIBLIOGRAPHY, ETC. NOTE
Bibliography, etc Includes bibliographical references (p. 386-424) and index.
650 #0 - SUBJECT ADDED ENTRY--TOPICAL TERM
Topical term or geographic name as entry element Special events
General subdivision Planning.
650 #0 - SUBJECT ADDED ENTRY--TOPICAL TERM
Topical term or geographic name as entry element Special events
General subdivision Research.
650 #0 - SUBJECT ADDED ENTRY--TOPICAL TERM
Topical term or geographic name as entry element Special events
General subdivision Management.
830 #0 - SERIES ADDED ENTRY--UNIFORM TITLE
Uniform title Events management series.
906 ## - LOCAL DATA ELEMENT F, LDF (RLIN)
a 7
b cbc
c orignew
d 1
e ecip
f 20
g y-gencatlg
942 ## - ADDED ENTRY ELEMENTS (KOHA)
Source of classification or shelving scheme
Koha item type Book
Holdings
Withdrawn status Lost status Source of classification or shelving scheme Damaged status Not for loan Home library Current library Shelving location Date acquired Total Checkouts Full call number Barcode Date last seen Copy number Price effective from Koha item type
          Riara University Library Riara University Library General stack 18/10/2016   GT3405.G48 2007 8479/16 18/10/2016 C.1 18/10/2016 Book

Riara University Library,
P.O. Box 49940-00100,
Nairobi, Kenya.